Cette mer enchanteresse nommée Noire.. /

On pourrait imaginer une histoire de l'humanité qui serait une histoire non pas des Etats, ni même des moeurs, des institutions ou des idées, mais une histoire de ces forces anonymes et éternelles que sont les mers.

Gorde:
Xehetasun bibliografikoak
Egile nagusia: Topencharov, Vladimir.
Formatua: Liburua
Hizkuntza:French
Argitaratua: Paris : Seghers, 1967.
Gaiak:
Etiketak: Etiketa erantsi
Etiketarik gabe, Izan zaitez lehena erregistro honi etiketa jartzen!
Thư viện lưu trữ: Mạng thư viện Đại học Đà Nẵng
LEADER 00972cam a2200313 i 4500
001 000044328
003 2695
005 20030221150646.0
008 010307|1967 vm 000 fre
040 |a IRC  |c IRC  |d IRC 
041 0 |a fre 
082 1 4 |a 551.457  |b TO-V 
100 1 0 |a Topencharov, Vladimir. 
245 0 0 |a Cette mer enchanteresse nommée Noire.. /  |c Vladimir Topentcharov. 
260 |a Paris :  |b Seghers,  |c 1967. 
300 |a P.152. ;  |c 19cm. 
520 3 |a On pourrait imaginer une histoire de l'humanité qui serait une histoire non pas des Etats, ni même des moeurs, des institutions ou des idées, mais une histoire de ces forces anonymes et éternelles que sont les mers. 
630 0 4 |a Mer. 
650 0 4 |a Mer-Noire. 
OWN |a DUT 
999 |a From the UDN01 
TYP |a Monograph 
TYP |a Printed language 
980 |a Mạng thư viện Đại học Đà Nẵng